[Event "Novosibirsk Sukharev Memorial op"]
[Site "Novosibirsk"]
[Date "2009.07.18"]
[Round "1"]
[White "Beletsky, Alexey"]
[Black "Danilyuk, Nadezhda"]
[Result "1/2-1/2"]
[WhiteElo "2342"]
[BlackElo "1991"]
[PlyCount "98"]
[EventDate "2009.07.18"]
[EventType "swiss"]
[EventRounds "9"]
[EventCountry "RUS"]
[SourceTitle "CBM 131 Extra"]
[Source "ChessBase"]
[SourceDate "2009.09.03"]
[SourceVersion "2"]
[SourceVersionDate "2009.09.16"]
[SourceQuality "1"]

1. e4 c5 2. Nf3 Nc6 3. d4 cxd4 4. Nxd4 Nf6 5. Nc3 e5 6. Nf5 d5 7. exd5 Bxf5 8. dxc6 Qxd1+ 9. Nxd1 bxc6 10. Ne3 Bg6 11. Bd3 Bb4+ 12. Bd2 Rb8 13. Bxg6 hxg6 14. Bxb4 Rxb4 15. b3 Rd4 16. 0-0 0-0 17. Nc4 e4 18. Rfd1 Rfd8 19. Rxd4 Rxd4 20. Kf1 Nd5 21. a3 Nc3 22. Ke1 f6 23. Ne3 Kf7 24. Nd1 Nd5 25. g3 f5 26. Rc1 g5 27. Ne3 Ke6 28. Rd1 Nxe3 29. fxe3 Rxd1+ 30. Kxd1 Ke5 31. c4 f4 32. gxf4+ gxf4 33. exf4+ Kxf4 34. Ke2 e3 35. b4 Ke4 36. b5 cxb5 37. cxb5 Kd4 38. h4 Kc5 39. Kxe3 Kxb5 40. Kf4 Ka4 41. Kg5 Kxa3 42. Kg6 a5 43. Kxg7 a4 44. h5 Kb2 45. h6 a3 46. h7 a2 47. h8B a1Q 48. Kg8+ Kb1 49. Bxa1 Kxa1 1/2-1/2

[Event "Novosibirsk Sibiria op-C"]
[Site "Novosibirsk"]
[Date "2007.07.29"]
[Round "9"]
[White "Makarevich, Julia"]
[Black "Danilyuk, Nadezhda"]
[Result "1-0"]
[WhiteElo "1938"]
[BlackElo "1959"]
[PlyCount "90"]
[EventDate "2007.07.21"]
[EventType "swiss"]
[EventRounds "9"]
[EventCountry "RUS"]
[SourceTitle "EXT 2008"]
[Source "ChessBase"]
[SourceDate "2007.11.25"]
[SourceVersion "1"]
[SourceVersionDate "2007.11.25"]
[SourceQuality "1"]

1. d4 Nf6 2. c4 e6 3. Nf3 b6 4. g3 Bb7 5. Bg2 c5 6. 0-0 Be7 7. d5 exd5 8. Nh4 0-0 9. cxd5 d6 10. Nf5 h6 11. Nc3 Re8 12. Nxe7+ Qxe7 13. Re1 Na6 14. b3 Nc7 15. Bb2 Qd7 16. Qd2 b5 17. e4 Nh7 18. Rad1 Rad8 19. Ba1 a6 20. Qb2 f6 21. Ne2 Ng5 22. Nf4 b4 23. h4 Nh7 24. Bh3 Qe7 25. Qd2 Bc8 26. Bg2 Nf8 27. Bf3 Qd7 28. Nh5 Nh7 29. Qf4 Rf8 30. Rd3 Qe7 31. Qd2 Bd7 32. Nf4 Be8 33. Bg2 Bf7 34. g4 Nb5 35. Rg3 Rfe8 36. Nh3 g5 37. Rd3 Qd7 38. f3 Qc7 39. Kh1 Qd7 40. Nf2 Kg7 41. f4 Rh8 42. Kg1 Kf8 43. hxg5 hxg5 44. fxg5 Nxg5 45. Bxf6 Rg8 1-0

[Event "Novosibirsk Sibiria op-C"]
[Site "Novosibirsk"]
[Date "2007.07.24"]
[Round "4"]
[White "Kipriyanov, Yaroslav"]
[Black "Danilyuk, Nadezhda"]
[Result "0-1"]
[WhiteElo "2000"]
[BlackElo "1959"]
[PlyCount "90"]
[EventDate "2007.07.21"]
[EventType "swiss"]
[EventRounds "9"]
[EventCountry "RUS"]
[SourceTitle "EXT 2008"]
[Source "ChessBase"]
[SourceDate "2007.11.25"]
[SourceVersion "1"]
[SourceVersionDate "2007.11.25"]
[SourceQuality "1"]

1. e4 c5 2. Nf3 e6 3. d4 cxd4 4. Nxd4 d6 5. Bd3 Nf6 6. 0-0 a6 7. c4 Qc7 8. Nc3 Be7 9. Kh1 Nbd7 10. f4 b6 11. Nf3 Bb7 12. Qe2 0-0 13. f5 exf5 14. Nd5 Qd8 15. Nxe7+ Qxe7 16. exf5 Qxe2 17. Bxe2 Rfe8 18. Nd4 Ne5 19. Bf4 d5 20. Bxe5 Rxe5 21. Bf3 Ne4 22. cxd5 Bxd5 23. Rfe1 Rae8 24. Kg1 Kf8 25. Nc2 Nc5 26. Bxd5 Rxd5 27. Rxe8+ Kxe8 28. Ne3 Rd3 29. Re1 Kd8 30. Nc4 Nd7 31. Kf1 Rd4 32. Ne5 Rf4+ 33. Kg1 Rxf5 34. Nc6+ Kc7 35. Ne7 Re5 36. Rxe5 Nxe5 37. Nd5+ Kc6 38. Ne3 Nd3 39. Nd1 b5 40. Kf1 b4 41. a3 Nxb2 42. Nxb2 bxa3 43. Nd3 Kb5 44. Nc1 Kc4 45. Ke2 Kc3 0-1